[Event "Interzonal-15"]
[Site "Manila"]
[Date "1990.??.??"]
[Round "5"]
[White "Dolmatov, Sergey"]
[Black "Sokolov, Andrei"]
[Result "1-0"]
[WhiteElo "2615"]
[BlackElo "2570"]
[Annotator "Horn,Peter"]
[PlyCount "129"]
[EventDate "1990.06.29"]
[EventType "swiss"]
[EventRounds "13"]
[EventCountry "PHI"]
[SourceTitle "CBM 019"]
[Source "ChessBase"]
[SourceDate "1990.12.01"]
[SourceVersion "1"]
[SourceVersionDate "1990.12.01"]
[SourceQuality "1"]

1. e4 c5 2. Nf3 e6 3. d3 Nc6 4. g3 d5 5. Nbd2 g6 6. Bg2 Bg7 7. O-O Nge7 8. Re1 (8. exd5 $5 exd5 9. d4 $13) 8... b6 $5 (8... h6) 9. c3 a5 10. Nf1 (10. a4 d4 $15 (10... h6) 11. cxd4 Nxd4 $6 (11... cxd4 12. e5 $5 (12. Nc4 e5)) 12. Nxd4 Bxd4 $6 (12... cxd4 13. e5 Ra7 14. Nc4) 13. e5 $1 $36) (10. e5 g5 $1 $13) 10... dxe4 (10... a4 $5) (10... d4 $5 {Dolmatov}) 11. dxe4 Qxd1 12. Rxd1 $14 a4 13. Rb1 $5 (13. Ne3 Ba6 14. e5 Rd8 15. Rxd8+ Kxd8 16. Ng4 h6 17. b3 {Yurtaev-Jukic, Frunze 1987}) 13... O-O (13... a3 14. bxa3 Bxc3 15. Rxb6) 14. Bf4 e5 $6 {Stellt den g7 tot und verbleibt ohne Gegenspiel für die weißfeldrigen Schwächen am -Flügel.} (14... a3 15. Rdc1 $14 {Dolmatov}) 15. Be3 Be6 16. b3 axb3 17. axb3 Rfd8 18. N1d2 f6 19. Bf1 Bf8 (19... Nd4 $5 20. cxd4 cxd4 21. Bxd4 exd4 22. Bc4 $14) 20. b4 $6 Ra3 $2 (20... cxb4 21. cxb4 Nc8) 21. bxc5 bxc5 22. Rdc1 Nc8 23. Bc4 Bxc4 24. Nxc4 Ra4 25. Nfd2 Nd6 26. Nb6 $146 ({RR} 26. Nxd6 Bxd6 {½-½ (26) Nadstoga,W (2041)-Drozdzynski,D (1946) Zbaszyn 2010}) 26... Ra2 27. Ra1 Rxa1 28. Rxa1 f5 29. Nd5 fxe4 (29... Kf7 $5) 30. Nf6+ Kf7 31. Nfxe4 Nf5 32. Ra6 Nxe3 33. fxe3 Nb8 34. Rf6+ Ke7 35. Rb6 Nd7 36. Rc6 Ra8 37. Kf2 Ra2 38. Ke2 Kd8 39. Kd3 Be7 40. h4 Nb8 41. Re6 Nd7 (41... Kd7 42. Rxe5 Nc6 43. Nxc5+ $1 $18) 42. Nc4 Rg2 43. Na5 Bf8 44. Nc6+ Kc7 45. Nxe5 Nxe5+ 46. Rxe5 Kd8 (46... Bd6 47. Rd5 $18) 47. h5 Be7 48. hxg6 hxg6 49. Re6 g5 50. Re5 Kd7 51. Kc4 Rg1 (51... g4 52. Rf5 { f4}) 52. Nxg5 Rxg3 53. Ne4 Rh3 54. Nxc5+ Kd8 55. Ne6+ Kd7 56. Nd4 Bf6 57. Rf5 Ke7 58. Kd3 Rh1 59. c4 Ra1 60. Rb5 Ra3+ 61. Ke4 Kd7 62. Rb7+ Kc8 63. Rb3 Ra1 64. Kd5 Rd1 65. c5 1-0

[Event "BCF-ch 77th"]
[Site "Eastbourne"]
[Date "1990.??.??"]
[Round "?"]
[White "Hodgson, Julian M"]
[Black "King, Daniel J"]
[Result "1-0"]
[WhiteElo "2540"]
[BlackElo "2515"]
[PlyCount "123"]
[EventDate "1990.07.??"]
[EventType "swiss"]
[EventRounds "11"]
[EventCountry "ENG"]
[SourceTitle "EXT 2000"]
[Source "ChessBase"]
[SourceDate "1999.11.16"]
[SourceVersion "1"]
[SourceVersionDate "1999.11.16"]
[SourceQuality "1"]

1. g3 c5 2. Bg2 Nc6 3. Nf3 g6 4. d4 cxd4 5. Nxd4 Bg7 6. Nb3 Nf6 7. Nc3 O-O 8. O-O d6 9. h3 Rb8 10. Be3 Bd7 11. a4 b6 12. Kh2 Ne5 13. Nd4 a6 14. Bg5 $146 ({RR} 14. Qc1 Qc7 15. Bg5 e6 16. Rd1 b5 17. axb5 axb5 18. Nf3 Nc4 19. Nd4 d5 20. e3 b4 21. Na2 Rbc8 22. c3 bxc3 23. bxc3 Ne4 24. Bxe4 dxe4 {0-1 (24) Danielmeier,R (2109)-Womacka,M (2439) Bad Wiessee 2014}) 14... h6 15. Bxf6 Bxf6 16. Nd5 Bg7 17. f4 Nc4 18. b3 Na5 19. f5 gxf5 20. Ne3 e6 21. Qd3 Rc8 22. Rad1 d5 23. Qxa6 Qg5 24. Rf3 Nc6 25. h4 Qg6 26. Ndxf5 exf5 27. Nxd5 Be6 28. Nf4 Qf6 29. Nh5 Qe5 30. Qxb6 Qxe2 31. Nxg7 Qxd1 32. Nxe6 fxe6 33. Rc3 f4 34. Rxc6 fxg3+ 35. Kh3 h5 36. Rc4 Qd7 37. Qb5 Qg7 38. Qxh5 Rxc4 39. bxc4 Rf5 40. Qe8+ Kh7 41. Qxe6 Ra5 42. Be4+ Kh8 43. Bd5 Kh7 44. Qf5+ Kh6 45. Qf4+ Kh7 46. Be4+ Kh8 47. Qb8+ Qg8 48. Qb6 Qc8+ 49. Kg2 Qxc4 50. Qxa5 Qxe4+ 51. Kxg3 Qe3+ 52. Kg4 Qe4+ 53. Kg5 Qg2+ 54. Kf6 Qg7+ 55. Kf5 Qh7+ 56. Kf4 Qxh4+ 57. Ke3 Qg3+ 58. Kd2 Qf2+ 59. Kc1 Qd4 60. Kb1 Kh7 61. Qb5 Qd1+ 62. Kb2 1-0

[Event "USA-ch m"]
[Site "Jacksonville"]
[Date "1990.??.??"]
[Round "2"]
[White "Alburt, Lev O"]
[Black "Dlugy, Maxim"]
[Result "1-0"]
[WhiteElo "2530"]
[BlackElo "2565"]
[Annotator "Horn,Peter"]
[PlyCount "93"]
[EventDate "1990.08.??"]
[EventType "k.o."]
[EventRounds "4"]
[EventCountry "USA"]
[SourceTitle "CBM 021"]
[Source "ChessBase"]
[SourceDate "1991.04.01"]
[SourceVersion "1"]
[SourceVersionDate "1991.04.01"]
[SourceQuality "1"]

1. Nf3 d5 2. g3 Bg4 3. Ne5 Bf5 4. c4 Nd7 (4... f6 5. Nf3 d4 (5... c6 6. Qb3 Qd7 7. d4 e6 8. Bg2 $14 {Benkö-Durao, Malaga 1969}) 6. Qb3 Be4 7. d3 Bc6 8. Bh3 $14 {Gutman-Kaunas, Vilnius 79}) 5. Nxd7 Qxd7 6. cxd5 ({RR} 6. Qb3 O-O-O 7. Bg2 Be4 8. f3 Bg6 9. cxd5 Bxb1 10. Rxb1 Qxd5 11. Qa4 Kb8 12. b4 e5 13. Rb3 Qc4 14. Bb2 Nf6 15. d3 Qe6 16. Ra3 Qb6 17. Rb3 Nd5 18. a3 Qe6 19. Rc3 Nxc3 20. Bxc3 f5 {Kavutskiy,K (2351)-Thouard,A (2154) Karlsruhe GER 2025 0-1}) 6... Qxd5 7. Rg1 (7. f3 Bxb1 8. Rxb1 Qxa2) 7... Bxb1 8. Bg2 (8. Rxb1 Qxa2) 8... Qf5 $146 ({RR} 8... Be4 9. Qa4+ c6 10. Bxe4 Qd7 11. b3 Nf6 12. Bf3 g6 13. Bb2 Bg7 14. O-O-O O-O 15. Qd4 Qc7 16. Qb4 Qd7 17. Qd4 Qc7 18. Qf4 Qd7 {½-½ (18) Hodgson,J (2580)-Shcherbakov,R (2510) Leeuwarden 1994}) 9. Qa4+ Qd7 (9... c6 10. Bxc6+) (9... Kd8 $5 10. d3 (10. Qd4+ Kc8 11. e4 Bxe4 12. Bxe4 Qe6) 10... Bxd3 11. exd3 $13) 10. Qxd7+ Kxd7 11. Rxb1 c6 12. b4 $14 a6 13. a4 e6 14. b5 axb5 15. axb5 cxb5 $2 (15... Bd6 $14 { e7}) 16. Rxb5 Ra7 17. Bb2 Nf6 18. Bd4 b6 19. e3 Bc5 20. Bc3 Kc7 21. Ke2 Ne8 22. Rgb1 Nd6 23. R5b3 Nc4 (23... f6 24. d4 Ba3 25. Rxb6 $18) 24. Bxg7 $18 Rg8 25. Bc3 Ra2 26. Ra1 Rxa1 27. Bxa1 Na5 28. Rb1 Bd6 29. Bc3 Rg4 30. Bxa5 bxa5 31. Rb7+ Kd8 32. Rxf7 h5 33. Ra7 Bb4 34. d4 Rg5 35. h4 Rb5 36. Bc6 Rb6 37. Bf3 Rb5 38. g4 hxg4 39. Bxg4 e5 40. h5 exd4 41. h6 dxe3 42. h7 Bc3 43. fxe3 Rb2+ 44. Kd3 Rb3 45. Kc4 Ra3 46. Rd7+ Ke8 47. Rd4 1-0

[Event "EU-Cup 07th semifinal"]
[Site "Moscow"]
[Date "1990.09.??"]
[Round "4.1"]
[White "Yurtaev, Leonid"]
[Black "Dokhoian, Yury"]
[Result "1-0"]
[WhiteElo "2515"]
[BlackElo "2540"]
[Annotator "Horn,Peter"]
[PlyCount "91"]
[EventDate "1990.09.??"]
[EventType "team-match"]
[EventRounds "2"]
[EventCountry "URS"]
[SourceTitle "EXT 2020"]
[Source "ChessBase"]
[SourceDate "2019.10.17"]
[SourceVersion "1"]
[SourceVersionDate "2019.10.17"]
[SourceQuality "1"]
[WhiteTeam "Moscow CSKA"]
[BlackTeam "Moscow Tigran Petrosian"]
[WhiteTeamCountry "URS"]
[BlackTeamCountry "RUS"]

1. Nf3 Nf6 2. g3 c5 3. Bg2 Nc6 4. O-O e5 5. d3 d5 6. Nbd2 (6. Bg5 $5) 6... Bd6 $5 {Gewinnt nach bd2 an Kraft, da das Gegenspiel gegen d5 mit c3 entfällt.} 7. e4 d4 8. Nh4 $5 {N,  f5} (8. Nc4 Bc7 9. a4) 8... g6 ({RR} 8... O-O 9. Nf5 Bc7 10. a4 g6 11. Nh6+ Kg7 12. Nc4 Ng8 13. Nxg8 Rxg8 14. f4 exf4 15. Bxf4 Be6 16. Qd2 Bxf4 17. gxf4 Bxc4 18. dxc4 f6 19. Rf3 Qe7 20. Re1 Kh8 21. e5 fxe5 22. Rg3 Qf6 23. fxe5 {Pranav,V (2545)-Praggnanandhaa,R (2684) Tel Aviv ISR 2022 0-1 (75)}) ({RR} 8... O-O 9. h3 Bc7 10. a4 a6 11. Nc4 Rb8 12. Bg5 b5 13. axb5 axb5 14. Nd2 h6 15. Bxf6 Qxf6 16. Qh5 Qg5 17. Qe2 Nb4 18. Nb3 Qe7 19. c3 Nc6 20. Nf5 Qf6 21. g4 g6 22. Ng3 Qe7 23. Rfc1 {Vozovic,O (2338)-Lopusiewicz,P (2301) chess.com INT 2024 0-1 (36)}) 9. Nc4 (9. f4 $6 exf4 10. gxf4 Ng4 $17 (10... Nh5 $5)) 9... Bc7 10. a4 Be6 11. b3 $146 ({RR} 11. Na3 a6 12. Bg5 h6 13. Bd2 Ba5 14. Bc1 Bc7 15. Nc4 Rb8 16. f4 exf4 17. gxf4 b5 18. axb5 axb5 19. Na3 Ng4 20. Qe1 Ne3 21. Bxe3 dxe3 22. e5 Nd4 23. Nf3 b4 24. Nxd4 Qxd4 25. Bc6+ Kf8 {Piskur,M (2234)-Kragelj,I (2137) Ljubljana 2015 1-0}) 11... Nd7 12. Bh6 Qe7 (12... g5 $6 13. Nf5 Bxf5 14. exf5 Qf6 15. Qh5 $16) 13. Bf3 Rg8 (13... g5 $6 14. Nf5 Bxf5 15. exf5 Qf6 16. Bxc6 bxc6 (16... Qxc6 17. Bxg5 $18) 17. Qh5 Rg8 18. g4 $16) 14. Bd2 O-O-O (14... h5 $5) 15. Bg4 Rdf8 16. Bxe6 Qxe6 17. Rb1 f5 18. f3 Bd8 19. Ng2 Be7 20. Qe2 g5 $2 21. exf5 Rxf5 22. f4 $1 gxf4 (22... Qg6 23. fxe5 Ndxe5 24. Rxf5 Qxf5 25. Rf1 $16) 23. Nxf4 Qf7 24. Nh3 $1 { f2-e4} Rf8 25. Nf2 Qg6 26. Ne4 h5 27. Rxf5 Rxf5 28. Rf1 Kc7 29. Kg2 a6 $6 (29... b6 { a6,b5}) 30. a5 Nf6 31. Rxf5 Qxf5 32. Qf3 {Das angestrebte Endspiel ist günstig wegen der Majorität am Königsflügel.} Qxf3+ 33. Kxf3 Nd5 34. h4 Kd7 35. g4 hxg4+ 36. Kxg4 Ke6 37. h5 Ndb4 38. h6 Kf7 39. Bxb4 Nxb4 40. Nxe5+ Kg8 41. Kh5 Nd5 42. Kg6 Nf4+ 43. Kf5 Ng2 44. Ke6 Bd8 45. Kd7 Bh4 46. Nf3 1-0

[Event "Harlingen"]
[Site "Harlingen"]
[Date "1991.??.??"]
[Round "1"]
[White "Timman, Jan H"]
[Black "Piket, Jeroen"]
[Result "1-0"]
[WhiteElo "2630"]
[BlackElo "2550"]
[Annotator "Horn,Peter"]
[PlyCount "113"]
[EventDate "1991.??.??"]
[EventType "tourn"]
[EventRounds "3"]
[EventCountry "GER"]
[EventCategory "13"]
[SourceTitle "CBM 024"]
[Source "ChessBase"]
[SourceDate "1991.10.01"]
[SourceVersion "1"]
[SourceVersionDate "1991.10.01"]
[SourceQuality "1"]

1. Nf3 Nf6 2. g3 g6 3. b3 Bg7 4. Bb2 O-O 5. Bg2 a5 6. O-O a4 7. b4 ({RR} 7. c4 d6 8. d4 Nbd7 9. Nc3 Nb6 10. Qc2 d5 11. c5 a3 12. Bxa3 Rxa3 13. cxb6 cxb6 14. Rfc1 Bf5 15. Qb2 Ra8 16. Ne5 e6 17. Nb5 Nd7 18. Nf3 Rc8 19. Rxc8 Qxc8 20. Rc1 Qb8 21. Rc7 Nc5 {Carlsen,M (2838)-Jobava,B (2701) Chess.com INT 2017 0-1 (66)}) 7... d5 (7... Na6 8. a3 d5 9. d3 c5 10. b5 Nc7 11. c4 d4 12. Nbd2 Qd6 13. Ng5 Nd7 14. Ra2 $6 f5 $15 {Hartoch-Nemet, Dieren op 1988}) 8. Na3 $146 ({RR} 8. a3 c6 9. d3 Re8 10. c4 Nbd7 11. Nc3 dxc4 12. dxc4 Nb6 13. Nd2 Be6 14. c5 Nc4 15. Nxc4 Bxc4 16. Qc1 Bb3 17. Ne4 Nxe4 18. Bxe4 e5 19. b5 f5 20. Bd3 Qd5 21. Qc3 Re7 22. e4 fxe4 {Strausz,J (2315)-Nemet,I (2450) Zuerich 1991 0-1 (33)}) ({RR} 8. a3 Nbd7 9. d3 Nb6 10. Nbd2 Bf5 11. c4 dxc4 12. dxc4 Ne4 13. Bxg7 Kxg7 14. Qc1 Nxd2 15. Nxd2 c6 16. c5 Nd7 17. Qc3+ f6 18. Rad1 Qc7 19. e4 Bg4 20. f3 Be6 21. Rfe1 b6 22. e5 Bd5 {Dronavalli,H (2504)-Pavlov,N (2316) chess.com INT 2024 1-0 (53)}) ({RR} 8. a3 Nbd7 9. d3 c5 10. bxc5 Nxc5 11. Nbd2 b5 12. Rb1 Ba6 13. e3 Rc8 14. Qe2 e6 15. Rfc1 Qa5 16. Qd1 Rfd8 17. h4 h6 18. Bf1 Nfd7 19. Bxg7 Kxg7 20. h5 g5 21. Nd4 Nb7 22. c4 dxc4 {Bharath,S (2503)-Dhruva,T (1694) Pollachi 2022 1-0 (46)}) 8... Nbd7 9. c4 Re8 10. d3 (10. cxd5 Nxd5 11. Bxg7 Kxg7 12. Qc1 $14) 10... e5 11. Qc2 c6 12. e4 Bf8 $2 (12... d4 13. c5 (13. Bc1 $5) 13... b6 $1 14. cxb6 Qxb6 $13) 13. exd5 Bxb4 (13... cxd5 14. c5 $14) 14. dxc6 bxc6 15. c5 $1 Ba6 (15... Bxc5 16. Nxe5 Nxe5 17. Qxc5 Nxd3 18. Bxf6 Nxc5 19. Bxd8 Rxd8 20. Bxc6) (15... Nxc5 16. Nxe5 Bxa3 (16... Rxe5 17. Bxe5 Bxa3 18. Qc3 Qxd3 19. Qxd3 Nxd3 20. Bxf6 $18 Bb2 21. Bxb2 Nxb2 22. Bxc6 Ra7) 17. Bxa3 Rxe5 18. Bxc5 $16) (15... Qa5 $5) 16. Nc4 a3 17. Bxe5 Bxc5 (17... Bxc4 18. Qxc4 Nxe5 19. Nxe5 Rxe5 20. Qxb4 Qxd3 21. Bxc6) 18. d4 Nxe5 (18... Bf8 19. Rfd1 $16) 19. Nfxe5 Bxd4 20. Nxc6 Qc7 21. Nxd4 Qxc4 22. Bxa8 Qxc2 23. Nxc2 Bxf1 24. Bc6 Rc8 25. Nxa3 Rxc6 26. Kxf1 Ne4 27. Re1 f5 28. Re2 Ra6 29. Nb5 Ra5 30. Rb2 Kf7 31. f3 Nc5 32. a3 Ke6 33. Rb4 Nd3 34. Rb1 Kd5 35. Ke2 Kc4 36. Nd6+ Kc3 37. Nb5+ Kc4 38. Ke3 g5 39. f4 gxf4+ 40. gxf4 Nc5 41. Rb4+ Kd5 42. Nc3+ Kc6 43. a4 Ra7 44. Rc4 Re7+ 45. Kf3 Rd7 46. Nb5 Rd3+ 47. Kg2 Kd5 48. Rc3 Rxc3 49. Nxc3+ Kd4 50. Nb5+ Ke4 51. a5 Kxf4 52. Nc7 Ke3 53. a6 Nd7 54. Nd5+ Ke2 55. a7 f4 56. a8=Q f3+ 57. Kh3 1-0

[Event "YUG-Cup qual"]
[Site "Arandjelovac"]
[Date "1991.??.??"]
[Round "1"]
[White "Vukic, Milan"]
[Black "Sokolov, Ivan"]
[Result "1-0"]
[WhiteElo "2500"]
[BlackElo "2570"]
[PlyCount "77"]
[EventDate "1991.??.??"]
[EventType "team"]
[EventRounds "5"]
[EventCountry "YUG"]
[SourceTitle "TD"]
[Source "ChessBase"]
[SourceDate "1994.03.01"]
[SourceVersion "1"]
[SourceVersionDate "1994.03.01"]
[SourceQuality "1"]

1. Nf3 d5 2. g3 c6 3. Bg2 Nf6 4. b3 Bg4 5. Bb2 Nbd7 6. d3 a5 7. a3 Bxf3 8. Bxf3 e5 9. Nd2 Bc5 10. e4 $146 ({RR} 10. e3 O-O 11. O-O Qe7 12. Qe2 e4 13. Bg2 Rfe8 14. Rfd1 Rad8 15. Qe1 exd3 16. cxd3 Bb6 17. Nf3 Nc5 18. Nd4 Qe5 19. Rab1 Qh5 20. Qe2 Qxe2 21. Nxe2 Ncd7 22. h3 Bc7 23. Kf1 Be5 24. Bc1 Bd6 {Matjushin,G (2416)-Hermanov,A (2323) Alushta 2005 ½-½ (31)}) ({RR} 10. O-O h5 11. h3 Qe7 12. e3 h4 13. g4 Bd6 14. Bg2 Nf8 15. Qe2 Ng6 16. c4 Qe6 17. Rac1 O-O 18. Nb1 dxc4 19. dxc4 Qe7 20. Rfd1 Rfd8 21. Rc2 Nd7 22. a4 Nc5 23. Ba3 Ne6 24. Bxd6 Rxd6 {Koneru,H (2244)-Barua,D (2555) Guntur 2000 0-1 (56)}) 10... dxe4 11. dxe4 b5 12. Qe2 O-O 13. O-O Qb6 14. Bg2 Rfe8 15. Nf3 Qc7 16. Rad1 Nb6 17. Bh3 h6 18. Kg2 a4 19. b4 Bf8 20. c3 Rad8 21. Bc1 c5 22. Rfe1 Nc4 23. Nd2 cxb4 24. Nxc4 bxc4 25. cxb4 c3 26. Rxd8 Rxd8 27. Qc2 Qc4 28. Re3 Qa6 29. Rxc3 Ne8 30. Bg4 Nd6 31. Be2 Qa8 32. f3 f5 33. exf5 Kh8 34. Bd3 Qd5 35. Rc5 Qd4 36. Bb2 Qe3 37. Rxe5 Nxf5 38. Rxf5 Be7 39. Qc3 1-0

[Event "Cacak"]
[Site "Cacak"]
[Date "1991.??.??"]
[Round "9"]
[White "Damljanovic, Branko"]
[Black "Ziatdinov, Raset"]
[Result "1-0"]
[WhiteElo "2560"]
[BlackElo "2515"]
[PlyCount "109"]
[EventDate "1991.05.??"]
[EventType "tourn"]
[EventRounds "11"]
[EventCountry "YUG"]
[EventCategory "10"]
[SourceTitle "CBM 023 Extra"]
[Source "ChessBase"]
[SourceDate "1991.09.01"]
[SourceVersion "1"]
[SourceVersionDate "1991.09.01"]
[SourceQuality "1"]

1. Nf3 d5 2. g3 g6 3. Bg2 Bg7 4. O-O e5 5. c4 dxc4 6. Qa4+ c6 7. Qxc4 Ne7 8. d3 O-O ({RR} 8... h6 9. Be3 Be6 10. Qc2 O-O 11. Nbd2 Nf5 12. Bc5 Re8 13. Nc4 Nd7 14. Ba3 Nb6 15. Nxb6 axb6 16. Rfd1 Qd7 17. Bb4 c5 18. Bc3 Nd4 19. Bxd4 exd4 20. b3 Rac8 21. Nd2 b5 22. a4 c4 23. bxc4 {Sakmak,K (2158)-Patel,M (2025) chess.com INT 2025 0-1 (42)}) 9. Nc3 Nd7 10. Bd2 Nf5 $146 ({RR} 10... Nb6 11. Qh4 f6 12. Qb4 Ned5 13. Qa5 Nxc3 14. bxc3 Be6 15. Rab1 Qd7 16. Rfd1 Rfd8 17. Be1 Qf7 18. c4 Re8 19. Nd2 Nc8 20. Ne4 Bf8 21. Bb4 Bxb4 22. Qxb4 Rb8 23. a4 Kg7 24. a5 b5 25. Qc5 {Fierro Baquero,M (2273)-Rajaram,R (2129) San Jose CA USA 2024 ½-½ (78)}) ({RR} 10... Nb6 11. Qh4 f6 12. Qb4 Ned5 13. Qa5 Nxc3 14. bxc3 Be6 15. Rab1 Qd7 16. Rfd1 Rfd8 17. Be1 Qf7 18. c4 Re8 19. Nd2 Nc8 20. Ne4 Bf8 21. Bb4 Bxb4 22. Qxb4 Rb8 23. a4 Kg7 24. a5 b5 25. Qc5 {Fierro Baquero,M (2273)-Rajaram,R (2129) San Jose CA USA 2024 ½-½ (78)}) 11. Ne4 Nb6 12. Qc2 Re8 13. e3 Qe7 14. a3 Nd5 15. Nc5 Nd6 16. e4 Nc7 17. b4 Bg4 18. a4 b6 19. Nb3 Rac8 20. a5 Ne6 21. axb6 axb6 22. Be3 Qb7 23. Nfd2 Nd4 24. Nxd4 exd4 25. Bf4 Nb5 26. Nc4 Bf8 27. e5 Nc3 28. b5 Nxb5 29. Rfb1 Nc3 30. Rxb6 Qd7 31. Bd2 Nd5 32. Rba6 h5 33. Ra7 Qe6 34. h4 Rb8 35. Re1 Bf5 36. Be4 Nc3 37. Bxf5 Qxf5 38. Raa1 Rb4 39. Rac1 Reb8 40. Bg5 Rb3 41. Qd2 Nd5 42. Re4 Nb4 43. Rf4 Qd7 44. Rf3 Qd5 45. Qf4 Rxd3 46. e6 Rxf3 47. Qxb8 fxe6 48. Ne5 Nd3 49. Nxg6 Qe4 50. Ne7+ Kh7 51. Qe8 Bxe7 52. Qxe7+ Kg8 53. Rb1 Rf8 54. Bh6 Qf5 55. Qg7# 1-0

[Event "Hamburg SKA"]
[Site "Hamburg"]
[Date "1991.06.28"]
[Round "2"]
[White "Khalifman, Alexander"]
[Black "Knaak, Rainer"]
[Result "1-0"]
[WhiteElo "2640"]
[BlackElo "2515"]
[Annotator "Horn,Peter"]
[PlyCount "71"]
[EventDate "1991.06.27"]
[EventType "tourn"]
[EventRounds "13"]
[EventCountry "GER"]
[EventCategory "11"]
[SourceTitle "CBM 024"]
[Source "ChessBase"]
[SourceDate "1991.10.01"]
[SourceVersion "1"]
[SourceVersionDate "1991.10.01"]
[SourceQuality "1"]

1. Nf3 e6 2. g3 b5 3. Bg2 Bb7 4. O-O Nf6 5. b3 Be7 6. c4 bxc4 7. bxc4 Qc8 $146 {N} (7... c5 $10 8. Nc3 (8. d3 O-O 9. Nbd2 Nc6 10. Rb1 Rb8 11. Qa4 $10 {Damljanovic-Agdestein, Belgrad 1989, CBM16}) 8... O-O (8... Nc6 $5) 9. Rb1 Bc6 10. Bb2 (10. d3 $5 d6 11. e4 $5 $13 (11. Bd2 Nbd7 12. Qc2 $10 {Razuvaev})) 10... d6 11. e3 Nbd7 12. d4 $6 (12. d3 $10) 12... Nb6 $15 {Kochiev-G.Garcia, Leningrad 1977}) ({RR} 7... O-O 8. d3 d6 9. Nc3 Nbd7 10. Rb1 Qc8 11. Qc2 c5 12. Bf4 Bc6 13. Nb5 Ne8 14. e4 e5 15. Bd2 Nc7 16. Bh3 Ne6 17. Nc3 Qa6 18. Nd5 Bd8 19. Rb2 Nb6 20. Rfb1 Ba4 21. Qc3 Bd7 22. Qb3 {Forintos,G-Haag,E Budapest 1958 1-0 (47)}) ({RR} 7... c5 8. Nc3 Nc6 9. Rb1 Rb8 10. d3 O-O 11. Bf4 d6 12. Nd2 Qd7 13. Nde4 Nxe4 14. Bxe4 Nd4 15. Bxb7 Rxb7 16. Rxb7 Qxb7 17. Be3 Nf5 18. Qb1 Qa8 19. Bd2 Rb8 20. Qa1 Bf6 21. Rb1 Nd4 22. Rxb8+ {Marin,M (2539)-Vallejo Pons,F (2711) Tallinn 2016 ½-½ (41)}) ({RR} 7... c5 8. Nc3 O-O 9. Rb1 Bc6 10. d3 Na6 11. Bg5 h6 12. Bf4 d6 13. e4 e5 14. Bd2 Nb4 15. a3 Na6 16. Nd5 Nc7 17. Ba5 Bxd5 18. cxd5 Qc8 19. Nd2 a6 20. Nc4 Rb8 21. Qc2 Nb5 22. Bc3 {Aaron,D (2274)-Lancman,K (2075) chess.com INT 2024 1-0 (43)}) ({RR} 7... c5 8. Nc3 Nc6 9. Rb1 Rb8 10. d3 O-O 11. Qa4 Ba8 12. Bf4 d6 13. Rxb8 Qxb8 14. Rb1 {½-½ (14) Ionov,S (2517)-Khalifman,A (2622) Tomsk 2006}) ({RR} 7... c5 8. Nc3 O-O 9. Rb1 Qc8 10. d3 Nc6 11. Ne5 Rb8 12. Nxc6 Bxc6 13. Rxb8 Qxb8 14. Bxc6 dxc6 15. Bf4 e5 16. Bg5 Qb2 17. Qd2 Qxd2 18. Bxd2 Rb8 19. Rb1 Rxb1+ 20. Nxb1 Bd8 21. Bg5 h6 22. Bxf6 {Liebert,H-Pytel,K Lublin 1972 1-0 (85)}) 8. Nc3 Na6 9. d3 O-O 10. e4 { e5} d6 11. Rb1 Nd7 (11... e5 { c5} 12. Nh4 $14) 12. d4 Nb6 13. Bh3 $1 c6 (13... Nxc4 14. d5 $146) 14. Nd2 $16 Nc7 15. e5 dxe5 16. dxe5 Ba6 17. Qg4 Qd7 18. Rd1 { e4-f6+} Ne8 19. Nf3 Qc8 20. Bf1 f5 21. Qf4 c5 22. a4 Nc7 23. a5 Nd7 24. Nb5 $1 Bxb5 $6 (24... Bb7) 25. cxb5 Nd5 26. Qc4 Qc7 27. Rxd5 $1 exd5 28. Qxd5+ Kh8 29. Bf4 { e6} Rad8 30. e6 Nb8 31. Bxc7 Rxd5 32. Bc4 Rdd8 33. Bxd8 Rxd8 34. Ne5 Kg8 35. Nc6 Nxc6 36. bxc6 1-0

[Event "Altensteig"]
[Site "Altensteig"]
[Date "1991.??.??"]
[Round "10"]
[White "Smejkal, Jan"]
[Black "Boensch, Uwe"]
[Result "1-0"]
[WhiteElo "2555"]
[BlackElo "2560"]
[Annotator "Horn,Peter"]
[PlyCount "129"]
[EventDate "1991.07.??"]
[EventType "tourn"]
[EventRounds "11"]
[EventCountry "GER"]
[EventCategory "11"]
[SourceTitle "CBM 025"]
[Source "ChessBase"]
[SourceDate "1991.12.01"]
[SourceVersion "1"]
[SourceVersionDate "1991.12.01"]
[SourceQuality "1"]

1. Nf3 {Horn,Peter} d5 2. g3 c6 3. Bg2 Bg4 4. d3 Nd7 5. O-O Ngf6 6. Qe1 e5 7. e4 dxe4 8. dxe4 Bc5 9. Nbd2 ({RR} 9. b4) 9... O-O 10. h3 Bh5 11. Nb3 Bb6 {N} (11... Be7 12. Nh4 $14 {Carlier-Bottema, Dieren op 1990}) 12. a4 a6 (12... a5 $5 13. Bd2 ({RR} 13. Bd2 Nc5) 13... Bxf3 14. Bxf3 Nc5 $10) ({RR} 12... a5 13. Nbd2 Re8 14. Nc4 Bc5 15. Bd2 b6 16. Bc3 Qc7 17. Nh4 Nf8 18. Kh1 N6d7 19. Nf5 Ne6 20. f4 f6 21. fxe5 Nxe5 22. Nxe5 fxe5 23. Bf3 Bxf3+ 24. Rxf3 Rad8 25. Qe2 Bd4 26. Raf1 Kh8 27. h4 {Efimenko,Z (2648)-Ragger,M (2632) Dubai 2014 ½-½ (85)}) ({RR} 12... a5 13. Bd2 Re8 14. Bc3 Bxf3 15. Bxf3 Nf8 16. Rd1 Qc7 17. Qe2 Ne6 18. Qc4 Red8 19. h4 Nd7 20. Bg4 Ndc5 21. Nxc5 Nxc5 22. Kg2 Na6 23. h5 h6 24. f4 exf4 25. Rxd8+ Rxd8 26. Rxf4 Nc5 27. b4 {Gumularz,S (2593)-Vanczak,T (2411) Balatonlelle HUN 2024 1-0 (43)}) ({RR} 12... a5 13. Be3 Bxe3 14. Qxe3 Bxf3 ({RR} 14... Qc7 15. Nfd2) 15. Bxf3 Qc7 16. Rfd1 Rfd8 17. Rd2 b6 18. Rad1 Nf8 19. Be2 Rxd2 20. Rxd2 Rd8 21. Rxd8 Qxd8 22. Nd2 Qc7 23. b3 c5 24. Kg2 g6 25. Bc4 Kg7 26. Qd3 Qc6 27. Bb5 {Smejkal,J (2555)-Kuczynski,R (2480) Polanica Zdroj 1991 CBM 026 [Horn,Peter] ½-½ (41)}) 13. a5 $14 Ba7 14. Be3 Bxe3 $146 ({RR} 14... Bxf3 15. Bxf3 Bxe3 16. Qxe3 Qe7 17. Qc3 Ne8 18. Rfd1 Nc7 19. Rd2 Nb5 20. Qc4 Rfd8 21. Rad1 Nf8 22. Qc5 Qxc5 23. Nxc5 Rxd2 24. Rxd2 Nd4 25. Bg4 Rb8 26. c3 Nde6 27. Bxe6 Nxe6 28. Nxe6 fxe6 29. b4 {Carlier,B (2385)-Brenninkmeijer,J (2475) Rotterdam 1990 ½-½ (67)}) 15. Qxe3 Qe7 16. Nh4 Qb4 17. Ra3 { c3} Rfd8 18. c3 Qf8 (18... Qb5 $2 19. Re1 { f1+-}) 19. Re1 Ne8 20. Bf1 { c4} Nd6 21. Qg5 Nf6 22. Nd2 { c4} h6 23. Qe3 Rd7 24. Nc4 Nxc4 25. Bxc4 Kh8 (25... Rad8 $4 26. g4 Bg6 27. Nxg6 $18) 26. Raa1 Rad8 27. b4 Nh7 28. Qc5 $1 Qxc5 29. bxc5 Ng5 30. Kg2 Rd2 (30... Ne6 $2 31. Bxe6 fxe6 32. g4 Bf7 33. Nf3 $18) (30... f6 $1 31. Nf5 (31. f4 $2 Rd2+) 31... Bf7 32. Bxf7 Nxf7 33. Rab1 $14) 31. g4 Bg6 32. Nxg6+ fxg6 33. Ra2 Rxa2 34. Bxa2 Rd2 (34... Rd3 35. Rb1 Rxc3 36. Rxb7 Rxc5 37. Rb8+ Kh7 38. h4 $18) 35. Bc4 {Seltsamerweise kommt Schwarz nicht an die -Schwächen heran.} Rc2 $2 (35... Nh7) 36. Re3 Rd2 37. Kg3 Nh7 38. f4 $1 {Bildet den entscheidenden Frei-.} exf4+ 39. Kxf4 g5+ 40. Kf5 Nf8 41. Rd3 Rf2+ 42. Ke5 Rf6 43. Rd6 Ng6+ 44. Kd4 Nh4 45. Rd8+ Kh7 46. Rb8 Nf3+ 47. Ke3 Ne5 48. Bg8+ Kg6 49. Re8 Nd7 50. e5 Rf8 51. Rxf8 Nxf8 52. Kd4 h5 53. c4 h4 54. Ke3 {Zugzwang} Kh6 (54... Nd7 55. e6 Nf6 56. Bf7+ Kh6 57. e7 $18) 55. e6 Ng6 56. Ke4 Ne7 57. Bf7 Kh7 58. Kd4 Kh6 59. Ke4 Kh7 60. Kd4 Kh6 61. Ke5 Nc8 62. e7 (62. Be8 Kh7 63. Bd7 Ne7 64. Kd6 $18) 62... Nxe7 63. Ke6 Ng6 64. Bxg6 Kxg6 65. Ke7 1-0